Concepts in strategic management and business policy / (Record no. 20311)

MARC details
000 -LEADER
fixed length control field 00619nam a22002057a 4500
003 - CONTROL NUMBER IDENTIFIER
control field OSt
008 - FIXED-LENGTH DATA ELEMENTS--GENERAL INFORMATION
fixed length control field 240208b2006 |||||||| |||| 00| 0 eng d
020 ## - INTERNATIONAL STANDARD BOOK NUMBER
International Standard Book Number 8177581910
082 ## - DEWEY DECIMAL CLASSIFICATION NUMBER
Classification number 658.4012
Item number WHE-S
100 ## - MAIN ENTRY--PERSONAL NAME
Personal name Wheelen, Thomas L.
245 ## - TITLE STATEMENT
Title Concepts in strategic management and business policy /
Statement of responsibility, etc Thomas L. Wheelen, and J. David Hunger and Krish Rangarajan.
250 ## - EDITION STATEMENT
Edition statement 9th
260 ## - PUBLICATION, DISTRIBUTION, ETC. (IMPRINT)
Place of publication, distribution, etc New Delhi :
Name of publisher, distributor, etc Pearson Education ,
Date of publication, distribution, etc 2006.
300 ## - PHYSICAL DESCRIPTION
Extent / Pages xxiv, 334 p. ;
650 ## - SUBJECT ADDED ENTRY--TOPICAL TERM
Topical term or geographic name as entry element Strategic planning
700 ## - ADDED ENTRY--PERSONAL NAME
Personal name Wheelen, Thomas L.
700 ## - ADDED ENTRY--PERSONAL NAME
Personal name Hunger, J. David
700 ## - ADDED ENTRY--PERSONAL NAME
Personal name Rangarajan, Krish
942 ## - ADDED ENTRY ELEMENTS (KOHA)
Source of classification or shelving scheme
Koha item type Books
Holdings
Withdrawn status Lost status Source of classification or shelving scheme Damaged status Not for loan Home library Current library Date acquired Total Checkouts Full call number Barcode Date last seen Copy number Bill Date Koha item type
          SOBD Library SOBD Library 08/02/2024   658.4012 WHE-S1 SD1993 08/02/2024 1 08/02/2024 Books
Hosted, Implemented, Customized & Maintained by: BestBookBuddies

Powered by Koha